[Event "IRQ-ch final first Stage"]
[Site "Baghdad"]
[Date "2013.10.10"]
[Round "3"]
[White "Tariq, Mohammed"]
[Black "Issa, Mohi Al Dein"]
[Result "0-1"]
[WhiteElo "1986"]
[BlackElo "2168"]
[PlyCount "104"]
[EventDate "2013.10.09"]
[EventType "swiss"]
[EventRounds "9"]
[EventCountry "IRQ"]
[SourceTitle "EXT 2018"]
[Source "ChessBase"]
[SourceDate "2017.10.13"]
[SourceVersion "1"]
[SourceVersionDate "2017.10.13"]
[SourceQuality "1"]

1. d4 d5 2. c4 c6 3. Nf3 Nf6 4. e3 Bg4 5. Nc3 e6 6. Qb3 Qb6 7. Qxb6 axb6 8. Ne5 Bf5 9. cxd5 exd5 10. Bd3 Bxd3 11. Nxd3 Bd6 12. 0-0 0-0 13. f3 b5 14. Bd2 Nbd7 15. a3 Nb6 16. Rae1 Nc4 17. Bc1 Rfe8 18. e4 Bc7 19. exd5 Bb6 20. Nc5 Bxc5 21. dxc5 Nxd5 22. Nxd5 cxd5 23. Rxe8+ Rxe8 24. Rd1 Rd8 25. b3 Na5 26. Rd3 Nc6 27. Bf4 d4 28. Kf1 f6 29. Bd6 Ra8 30. b4 Kf7 31. Ke2 Ke6 32. Bf4 Kd5 33. Bc1 Re8+ 34. Kd1 Kc4 35. Rd2 d3 36. Bb2 Ne7 37. Rf2 Nd5 38. Bc1 Nc3+ 39. Kd2 h5 40. g3 Re6 41. Rg2 g5 42. g4 h4 43. h3 Ne2 44. Bb2 Nf4 45. Rh2 Nd5 46. Rf2 Nf4 47. Rh2 Ne2 48. Rg2 Nd4 49. Bxd4 Kxd4 50. Rh2 Ra6 51. Rh1 Rxa3 52. Rb1 Ra2+ 0-1

[Event "IRQ Club-chT 25th"]
[Site "Baghdad"]
[Date "2013.03.30"]
[Round "10.7"]
[White "Ares, Saber Majeed"]
[Black "Tariq, Mohammed"]
[Result "1-0"]
[WhiteElo "2122"]
[BlackElo "1991"]
[PlyCount "79"]
[EventDate "2013.02.21"]
[EventType "team-tourn"]
[EventRounds "15"]
[EventCountry "IRQ"]
[SourceTitle "EXT 2018"]
[Source "ChessBase"]
[SourceDate "2017.10.13"]
[SourceVersion "1"]
[SourceVersionDate "2017.10.13"]
[SourceQuality "1"]

1. d4 Nf6 2. c4 e6 3. Nf3 d5 4. g3 c5 5. Bg2 Nc6 6. cxd5 exd5 7. 0-0 Qb6 8. dxc5 Bxc5 9. Nc3 Be6 10. Na4 Qa5 11. Nxc5 Qxc5 12. Be3 Qe7 13. Rc1 Ne4 14. Nd4 Nxd4 15. Bxd4 f6 16. e3 b6 17. Qa4+ Kf7 18. Rc2 Rhc8 19. Rfc1 Rxc2 20. Rxc2 Rc8 21. Rxc8 Bxc8 22. Qc6 Bb7 23. Qc2 g6 24. h4 Qd7 25. Qc1 Qc6 26. Qxc6 Bxc6 27. Bf1 Ke6 28. Bd3 f5 29. Kg2 Nd6 30. f3 Nb7 31. g4 fxg4 32. fxg4 Nd6 33. Kg3 Ne4+ 34. Kf4 Bb7 35. g5 Bc6 36. Be2 Nf2 37. h5 Kd6 38. Bc3 Nh3+ 39. Kg4 Bd7+ 40. Kh4 1-0

[Event "IRQ Club-chT 25th"]
[Site "Baghdad"]
[Date "2013.02.21"]
[Round "1.7"]
[White "Sarkawat, Hamad Mohammed"]
[Black "Tariq, Mohammed"]
[Result "1-0"]
[WhiteElo "1856"]
[BlackElo "1991"]
[PlyCount "135"]
[EventDate "2013.02.21"]
[EventType "team-tourn"]
[EventRounds "15"]
[EventCountry "IRQ"]
[SourceTitle "EXT 2018"]
[Source "ChessBase"]
[SourceDate "2017.10.13"]
[SourceVersion "1"]
[SourceVersionDate "2017.10.13"]
[SourceQuality "1"]

1. Nf3 Nf6 2. d4 e6 3. Bg5 Be7 4. c4 d5 5. Nc3 0-0 6. e3 Ne4 7. Bxe7 Qxe7 8. Bd3 f5 9. cxd5 Nxc3 10. bxc3 exd5 11. 0-0 Nd7 12. c4 dxc4 13. Bxc4+ Kh8 14. Rc1 c6 15. h4 h6 16. Re1 g5 17. hxg5 hxg5 18. Ne5 Nxe5 19. Qh5+ Kg7 20. dxe5 Rh8 21. Qe2 g4 22. g3 Be6 23. Kg2 Rh6 24. Rh1 Rah8 25. Rxh6 Rxh6 26. Qb2 b5 27. Bxe6 Rxe6 28. Qd4 Qb7 29. Kf1 a5 30. Ke2 b4 31. Rc5 a4 32. Rc4 b3 33. Rxa4 b2 34. Rb4 b1Q 35. Rxb1 Qxb1 36. Qd7+ Kf8 37. Qxe6 Qb5+ 38. Kd2 Qb2+ 39. Kd3 Qxf2 40. Qf6+ Kg8 41. e6 Qf1+ 42. Kc2 Qe2+ 43. Kc3 Qxe3+ 44. Kc4 Qc1+ 45. Kb4 Qb1+ 46. Kc5 Qb5+ 47. Kd6 Qd5+ 48. Kc7 Qa5+ 49. Kxc6 Qa8+ 50. Kc5 Qa5+ 51. Kd6 Qb4+ 52. Kd7 Qb7+ 53. Kd6 Qb8+ 54. Kd5 Qb5+ 55. Kd6 Qb8+ 56. Kc5 Qc7+ 57. Kd4 Qd6+ 58. Kc4 Qc7+ 59. Kb3 Qxg3+ 60. Kc4 Qf4+ 61. Qd4 Qc7+ 62. Kd5 Qd8+ 63. Ke5 Qxd4+ 64. Kxd4 g3 65. Ke3 Kf8 66. a4 Ke7 67. a5 Kxe6 68. a6 1-0